Histoire de l'Italie moderne (Record no. 112148)

MARC details
000 -LEADER
campo de control de longitud fija 00553nam a2200181 i 4500
001 - NÚMERO DE CONTROL
campo de control 112148
003 - IDENTIFICADOR DE NÚMERO DE CONTROL
campo de control ES-MaACL
005 - FECHA Y HORA DE LA ÚLTIMA TRANSACCIÓN
campo de control 20230906185444.0
007 - CAMPO FIJO DE DESCRIPCIÓN FÍSICA--INFORMACIÓN GENERAL
campo de control de longitud fija t|
008 - DATOS DE LONGITUD FIJA--INFORMACIÓN GENERAL
campo de control de longitud fija 061121s1911 fr r ||||1| fre d
100 1# - ENTRADA PRINCIPAL--NOMBRE DE PERSONA
Nombre de persona Orsi, Pietro.
9 (RLIN) 87374
245 10 - MENCIÓN DEL TÍTULO
Título Histoire de l'Italie moderne
Resto del título : (1750-1910) /
Mención de responsabilidad, etc. Pietro Orsi ; traduction de Henri Bergmann.
260 ## - PUBLICACIÓN, DISTRIBUCIÓN, ETC.
Lugar de publicación, distribución, etc. Chartres :
Nombre del editor, distribuidor, etc. [s.n.],
Fecha de publicación, distribución, etc. 1911 (
Fabricante Imp. Durand)
300 ## - DESCRIPCIÓN FÍSICA
Extensión XII, 448 p. ;
Dimensiones 20 cm.
651 #4 - PUNTO DE ACCESO ADICIONAL DE MATERIA--NOMBRE GEOGRÁFICO
Nombre geográfico Italia-
Subdivisión general Historia.
9 (RLIN) 8866
700 1# - ENTRADA AGREGADA--NOMBRE PERSONAL
Nombre de persona Bergmann, Henri.
9 (RLIN) 27999
852 ## - LOCALIZACIÓN
Ubicación ES-MaACL
Número de control de estantería G-1286
Holdings
Estatus retirado Estado de pérdida Estado de daño No para préstamo Biblioteca de origen Biblioteca actual Ubicación en estantería Fecha de adquisición Fuente de adquisición Total de préstamos Signatura topográfica completa Código de barras Visto por última vez Precio de reemplazo Tipo de ítem Koha
        Biblioteca del Ateneo de Madrid Biblioteca del Ateneo de Madrid Depósito 2 17/01/2008     G-1286 1116981 23/02/2023 23/02/2023 Libro impreso